000 02226nam a2200373 i 4500
001 194058
003 SpMaBN
005 20250826053622.0
008 240215s2022 sp | |||| 000 d spa
015 _aMON23
017 _aM 14327-2022
_bOficina Depósito Legal Madrid
020 _a9788412435696
040 _aSpMaBN
_bspa
_cSpMaBN
_erda
080 _a821.134.2-21"19"
100 1 _aPérez Cornejo, Manuel
_990742
_eaut
245 1 0 _aArturo, o el pesimismo :
_bun diálogo (Fantasía filosófica sobre los jardines de La Granja de San Ildefonso) /
_cManuel Pérez Cornejo
264 1 _aBarcelona :
_bEdiciones Huso,
_c[2022]
264 4 _c©2022
300 _a142 páginas ;
_c16 cm
336 _aTexto
_2rdacontent
337 _asin mediación
_2rdamedia
338 _avolumen
_2rdacarrier
504 _aBibliografía: páginas 135-142
520 _a«Un pesimista que se precie, pensando que detrás de la muerte puede haber algo aún peor que esta vida (y todo apunta a esta posibilidad, dado que cuanto nos rodea, incluida nuestra propia existencia, parece ir siempre de mal en peor), trata de obtener de la vida el máximo disfrute posible, y busca evitar el dolor, tanto propio como ajeno, en la medida de sus fuerzas. Por eso, algunos de los grandes pesimistas […] practicaron aquello que Schopenhauer llamaba el "arte de saber vivir", disfrutando, tanto como pudieron, de la literatura, del arte y de la música, y ayudaron, impulsados por la compasión y hasta donde les fue posible, a paliar los sufrimientos y mejorar la vida de sus congéneres, de los animales, y, si me apuras, del reino vegetal, que quizás sea también susceptible de algún tipo de sufrimiento».
650 7 _aPesimismo
_2embne
_9170652
655 0 _aTragedias
_9235681
852 _aES-MaACL
_bR.155054
_cDEPOJ
_jN-9851
_xEncuadernación rústica
_gDedicatoria autógrafa del autor
_hDonación: Manuel Pérez Cornejo
_9205796
903 _990742
_aPérez Cornejo, Manuel
_ednr
942 _cMONOGRAFIA
_n0
999 _c194058
_d194058